Linie autobusowe w Krakowie part 2 - Statystyki

Ogólne statystyki
  • Ten quiz został rozwiązany 54 razy
  • Średni wynik to 11 z 51
Answers on the Grid
Answers color-coded by a green-red scale on the quiz's grid according to % correct below.
300
301
302
303
304
305
306
307
308
309
310
316
317
318
319
336
337
338
339
405
411
412
413
414
415
416
417
418
419
420
421
422
423
424
425
431
432
433
434
435
441
442
443
444
445
469
475
476
477
478
479
480
481
482
483
484
491
492
493
494
495
496
497
500
501
502
503
504
505
506
507
508
509
510
511
512
513
514
515
570
571
572
573
574
575
576
577
578
579
580
600
601
602
603
604
605
606
607
608
609
610
611
612
613
614
615
660
661
662
663
664
665
666
667
668
669
670
700
701
702
703
704
705
720
721
722
723
724
901
902
903
904
905
909
910
911
914
915
916
917
918
919
935
936
937
938
939
940
946
947
948
 
Statystyki odpowiedzi
Odpowiedź % Poprawnych
300
83%
301
83%
304
75%
307
63%
310
63%
405
50%
317
46%
337
46%
420
33%
413
29%
424
29%
469
29%
422
25%
433
21%
442
21%
501
21%
502
21%
476
17%
503
17%
511
17%
578
17%
482
13%
513
13%
572
13%
701
13%
704
13%
948
13%
475
8%
494
8%
496
8%
601
8%
603
8%
605
8%
608
8%
609
8%
610
8%
611
8%
612
8%
662
8%
664
8%
669
8%
902
8%
903
8%
904
8%
910
8%
915
8%
917
8%
918
8%
937
8%
600
0%
723
0%
Nie znaleziono quizów pasujących do podanych kryteriów
Rozkład punktacji
Procent ludzi z każdym wynikiem
Percentyl według liczby udzielonych odpowiedzi
Twoja historia wyników
Nie rozwiązałeś tego quizu